00617nam a2200169 a 4500008004100000020001800041050002100059100001800080245008500098250001600183260006700199260005100266300003400317650003000351650004100381650002500422190715s2015 ||||||||||||||||| || u a9788122438048 aTD 187.5 .I4 Kho aKhopkar, S. M10aEnvironmental pollution : monitoring and control. (2nd edition)cBy S.M. Khopkar a2nd edition aBangalorebNew Age International (P) Limited, Publishersc2015 aBangalorebNew Age International Limitedc2015 axx, 563 pages : illustrations 0aENVIRONMENTAL ENGINEERING aENVIRONMENTAL CHEMISTRY--METHODOLOGY aPOLLUTANTS--ANALYSIS